000 00330nam a2200133Ia 4500
008 190216s9999||||xx |||||||||||||| ||und||
100 _aLee. J.D
245 0 _aConcise Inorganic Chemistry
250 _a3rd Ed.
260 _bThe English Language Book Society
_c1964
300 _a504
650 _aChemistry-Chemistry
942 _cBK
999 _c2166
_d2166